[Event "FIDE Chesscom Online Nations Cup"]
[Site "Online"]
[Date "2020.05.06"]
[Round "3"]
[White "Anand, Viswanathan"]
[Black "Vachier-Lagrave, Maxime"]
[Result "1/2-1/2"]
[WhiteElo "2751"]
[BlackElo "2860"]
[Annotator "TA"]
[PlyCount "82"]
[EventDate "2020.05.05"]
[EventType "team-tourn"]
[EventCountry "ISS"]
[SourceTitle "playchess.com"]
[Source "ChessBase"]
[SourceQuality "1"]
[WhiteTeam "India"]
[BlackTeam "Europe"]
[WhiteTeamCountry "IND"]
[BlackTeamCountry "FRA"]

{[%evp 15,82,16,30,27,41,8,12,16,15,18,39,14,1,22,15,0,0,0,0,0,0,0,0,0,0,0,0,0,0,0,0,0,12,10,10,0,16,22,47,0,6,7,8,8,11,12,12,0,12,0,0,0,0,0,41,13,35,11,12,0,0,0,0,0,0,0,0,0,0]} 1. d4 d5 2. c4 c6 3. Nf3 Nf6 4. e3 Bf5 5. Nc3 e6 6. Nh4 Be4 7. f3 Bg6 8. Qb3 Qc7 9. Bd2 {D12: Slav Defence: 3 Nf3 Nf6 4 e3 Bf5.} Be7 10. Rc1 Nbd7 11. g3 dxc4 12. Bxc4 a6 13. e4 b5 14. Be2 {[#]} ({Wrong is} 14. Nxg6 $2 bxc4 15. Qxc4 hxg6 $19) 14... Qb6 $146 ({Predecessor:} 14... Qa7 15. Be3 e5 16. Qd1 Rd8 17. Qd2 Nb6 18. Nxg6 hxg6 19. d5 Qb8 20. Bxb6 Qxb6 {0-1 (26) Iskusnyh,S (2457)-Romanov,E (2589) Tomsk 2009}) 15. e5 Ng8 16. Nxg6 hxg6 17. Be3 Nh6 18. g4 c5 19. d5 Nxe5 20. dxe6 Qxe6 21. Qxe6 fxe6 22. a4 O-O 23. O-O c4 24. axb5 axb5 25. Nxb5 Rab8 26. Nd4 Bc5 27. Rc2 (27. Bxc4 $2 Nxf3+ 28. Rxf3 Rxf3 $19) 27... Rbd8 $132 {[%mdl 2048] Black puts up resistance} 28. Nf5 Nxf5 29. Bxc5 Nd4 30. Bxd4 Rxd4 31. Kg2 Rb8 32. Ra1 Nd3 33. Kg3 Kh7 34. Bxd3 Rxd3 35. Rxc4 $11 {[%mdl 4096] Endgame KRR-KRR} Rbb3 36. Rf1 (36. Rc3 $5) 36... Rxb2 {The position is equal.} 37. Re4 Rdd2 38. h4 Rg2+ 39. Kf4 Rh2 40. Rxe6 Rxh4 41. Rfe1 Rh3 {Accuracy: White = 84%, Black = 97%.} 1/2-1/2

[Event "FIDE Chesscom Online Nations Cup"]
[Site "Online"]
[Date "2020.05.06"]
[Round "3"]
[White "So, Wesley"]
[Black "Amin, Bassem"]
[Result "1/2-1/2"]
[WhiteElo "2741"]
[BlackElo "2608"]
[Annotator "TA"]
[PlyCount "120"]
[EventDate "2020.05.05"]
[EventType "team-tourn"]
[EventCountry "ISS"]
[SourceTitle "playchess.com"]
[Source "ChessBase"]
[SourceQuality "1"]
[WhiteTeam "United States"]
[BlackTeam "World"]
[WhiteTeamCountry "USA"]
[BlackTeamCountry "EGY"]

{[%evp 30,120,24,9,4,8,16,11,13,17,18,16,14,17,31,35,21,20,21,16,23,16,16,16,16,17,18,0,0,0,0,0,0,0,0,0,0,0,8,0,0,0,0,0,8,8,8,0,0,0,14,0,8,0,0,0,8,8,8,8,8,8,8,8,8,8,8,8,8,8,8,8,8,8,8,0,0,0,0,0,0,0,0,0,0,0,0,0,0,0,0,0,0]} 1. e4 e5 2. Nf3 Nc6 3. Bb5 a6 4. Ba4 Nf6 5. O-O Be7 6. Re1 b5 7. Bb3 d6 8. c3 O-O 9. h3 Nb8 10. d4 Nbd7 11. Nbd2 {[%cal Bb1d2,Bd2f1,Bf1g3][%mdl 32]} Bb7 12. Bc2 Re8 13. Nf1 Bf8 14. Ng3 g6 15. a4 Bg7 16. Bd3 exd4 {C95: Closed Ruy Lopez: Breyer Variation with 10 d4.} 17. cxd4 c5 18. axb5 axb5 19. Rxa8 Bxa8 20. dxc5 Nxc5 21. Bxb5 Rf8 {[%cal Rf6e4]} 22. e5 dxe5 23. Qxd8 Rxd8 24. Nxe5 Nd5 25. Bc4 Re8 {The position is equal.} 26. Nd3 Rxe1+ 27. Nxe1 Nb6 28. Ba2 Bd5 29. Bxd5 Nxd5 30. Ne2 {[#]} f5 $146 ({Predecessor:} 30... Nb3 31. Nd3 Nb6 32. Bf4 Nc4 33. Nec1 Nd4 34. b3 Na5 35. Nc5 f5 36. Kf1 Kf7 {1-0 (71) Stefansson,H (2502)-Kazhgaleyev,M (2582) Batumi 2018}) 31. g4 Kf7 32. gxf5 gxf5 33. Kg2 Ke6 34. Kf3 Be5 35. h4 Bf6 36. h5 Be5 37. Kg2 Bf6 38. Kf3 Be5 39. Kg2 Bf6 40. Kg3 Be5+ 41. Kf3 Bg7 42. Kg3 Be5+ 43. f4 Bg7 44. Nf3 Nb3 45. Ng5+ Ke7 46. Nxh7 Nxc1 47. Nxc1 {[#] Nd3 is the strong threat.} Bxb2 $11 {[%mdl 4096] Endgame KBN-KNN} 48. Nd3 Bg7 49. Ng5 Nf6 50. Kh4 Nd5 51. Nf3 {[#] And now Kg5 would win.} Bh6 52. Nfe5 Kf6 53. Ng6 Kf7 54. Kg3 Nf6 55. Nde5+ Ke6 56. Kh4 Nd5 57. Nd3 Kf7 58. Nge5+ Kf6 59. Nd7+ Ke7 60. N7e5 Kf6 {Not much happened in this game. Accuracy: White = 100%, Black = 100%.} 1/2-1/2

[Event "FIDE Chesscom Online Nations Cup"]
[Site "Online"]
[Date "2020.05.06"]
[Round "3"]
[White "Yu, Yangyi"]
[Black "Karjakin, Sergey"]
[Result "1/2-1/2"]
[WhiteElo "2738"]
[BlackElo "2709"]
[Annotator "TA"]
[PlyCount "63"]
[EventDate "2020.05.05"]
[EventType "team-tourn"]
[EventCountry "ISS"]
[SourceTitle "playchess.com"]
[Source "ChessBase"]
[SourceQuality "1"]
[WhiteTeam "China"]
[BlackTeam "RUS"]
[WhiteTeamCountry "CHN"]

{[%evp 21,63,0,11,-6,14,0,11,11,10,11,11,4,13,0,0,-14,0,0,0,-2,0,0,0,0,0,-6,0,0,0,-6,0,-6,0,0,-4,-4,0,0,0,0,0,0,0,0]} 1. e4 e5 2. Nf3 Nc6 3. Nc3 Nf6 4. d4 exd4 5. Nxd4 Bb4 6. Nxc6 bxc6 7. Bd3 O-O 8. O-O d5 9. exd5 cxd5 10. Qf3 c6 11. Bg5 Rb8 {The position is equal.} 12. Ne2 {C47: Scotch Four Knights and Four Knights with 4 g3.} Bd6 13. b3 Be5 14. Rae1 h6 {[#]} 15. Bf4 $146 ({Predecessor:} 15. Bh4 Qd6 16. Bg3 Re8 17. h3 Bd7 18. Bxe5 Qxe5 19. Qf4 Qxf4 20. Nxf4 g5 21. Ne2 {0-1 (52) Keosidi,K (2409)-Gavrilov,A (2512) Krasnoyarsk 2007}) 15... Bg4 16. Qe3 Bxf4 17. Nxf4 Qa5 18. h3 Rbe8 19. Qc1 Bd7 20. a3 c5 21. c3 Qb6 22. b4 a5 {[%cal Ra5b4]} 23. Qd2 axb4 24. axb4 Rb8 {[%cal Rc5b4]} 25. Re5 cxb4 26. cxb4 Qd6 27. Rfe1 Kh8 28. Bf5 Bxf5 29. Rxf5 {[%cal Rf4d5]} Qxb4 30. Qxb4 Rxb4 31. Nxd5 Nxd5 32. Rxd5 {Not much happened in this game. Accuracy: White = 100%, Black = 100%.} 1/2-1/2

[Event "FIDE Chesscom Online Nations Cup"]
[Site "Online"]
[Date "2020.05.06"]
[Round "3"]
[White "Firouzja, Alireza"]
[Black "Dominguez Perez, Leinier"]
[Result "1/2-1/2"]
[WhiteElo "2703"]
[BlackElo "2786"]
[Annotator "TA"]
[PlyCount "123"]
[EventDate "2020.05.05"]
[EventType "team-tourn"]
[EventCountry "ISS"]
[SourceTitle "playchess.com"]
[Source "ChessBase"]
[SourceQuality "1"]
[WhiteTeam "World"]
[BlackTeam "United States"]
[BlackTeamCountry "USA"]

{[%evp 10,123,14,0,18,0,0,0,2,0,0,0,0,0,10,0,0,0,0,0,0,0,0,0,0,0,0,-30,0,0,0,0,211,212,195,138,164,165,167,159,192,216,239,220,445,434,577,586,582,583,573,562,500,83,189,185,167,167,164,102,188,168,268,271,230,89,243,54,66,87,96,0,0,0,0,0,0,0,0,0,10,0,0,-76,-71,-64,-29,-23,-21,-29,-14,-22,-27,-22,0,0,0,-65,-52,-180,-184,-240,-247,-229,-128,-127,0,0,0,0,0,0,0,0,0,0]} 1. c4 Nf6 2. Nc3 e5 3. Nf3 Nc6 4. e3 Bb4 5. Qc2 Bxc3 6. bxc3 e4 {A28: English Opening: Four Knights Variation.} 7. Ng5 Qe7 8. f3 exf3 9. Nxf3 O-O 10. Be2 b6 11. O-O Bb7 12. d3 Ng4 13. e4 f5 $1 {[%cal Rf5e4]} 14. Bg5 Qe8 15. exf5 {[#]} h6 $146 ({Predecessor:} 15... Ne3 16. Bxe3 Qxe3+ 17. Rf2 Rae8 18. Raf1 Ne7 19. Qa4 Bc6 20. Qxa7 {½-½ (20) Kragten,J (2336)-Bergmanolson,M (2284) ICCF email 2016}) 16. Bf4 Ne3 $1 {[%cal Re3c2]} 17. Bxe3 $1 Qxe3+ 18. Kh1 Rxf5 19. d4 Raf8 20. Rae1 Qf4 $2 (20... Na5 $1 $11 {and Black has nothing to worry.}) 21. Bd3 $18 R5f6 22. Re4 (22. Qb1 $18 Na5 23. Ne5) 22... Qd6 $16 {[#]} 23. c5 $1 {[%cal Rc5d6][%mdl 512]} Qd5 (23... bxc5 24. Qb3+) 24. Qe2 $1 $36 {[%mdl 2048] Hoping for Bc4. White has strong initiative.} Na5 25. c4 $1 {[%cal Rc4d5]} Qh5 26. d5 c6 $2 (26... d6 27. Re7 Bc8) 27. Re5 $18 Qg4 28. h3 Qg3 29. d6 Ba6 {With the idea ...Nb7.} 30. Qe4 {White wants to mate with Qh7+.} g6 {next ...Nb7 is good for Black.} 31. Re7 $2 (31. Nd2 $18 {and White stays clearly on top.} Rf5 32. Rfxf5 gxf5 33. Rxf5 Rxf5 34. Qxf5) 31... Nb7 (31... bxc5 $16 32. Rxd7 Bc8 33. Rxa7 Qxd6) 32. Qe3 Qf4 33. Qxf4 Rxf4 34. Bxg6 (34. Rfe1 $18) 34... Nxc5 (34... Bxc4 $16 {was worth a try.} 35. Rc1 Bf7) 35. Rfe1 Bxc4 (35... R8f6 {might work better.} 36. Bh7+ Kh8) 36. Ne5 $1 {Threatening mate with Bh7+.} Kh8 37. Rh7+ (37. Nxd7 Nxd7 38. Rxd7 Rf1+ 39. Rxf1 Rxf1+ 40. Kh2 Rd1 $14) 37... Kg8 38. Ng4 $2 {[#]} ({Only move:} 38. Re3 $1 $18 {[%cal Re3g3]} R8f6 39. Re7 Rxg6 40. Nxg6) 38... Rxg4 $1 $14 {[%mdl 512]} 39. hxg4 Be6 40. g5 (40. Rxh6 $16 Rf4 41. g5) 40... hxg5 $11 41. Re5 Rf6 ({Not} 41... Bxa2 $2 42. Rxg5 Rf2 43. Bf5+ Kf8 44. Bxd7 $18) 42. Bc2 g4 43. Reh5 {White threatens Rh8+ and mate.} Bd5 44. Rg5+ Kf8 45. Rxg4 Rxd6 46. Rf4+ (46. Rh8+ $11 Kf7 47. Rh7+ Kf8 48. Rh8+ Kf7 49. Rh7+ Kf8) 46... Ke8 $17 47. a4 Re6 48. Kg1 Re1+ 49. Kf2 Ra1 {Strongly threatening ...Ra2.} 50. Bg6+ $1 Kd8 51. g4 Ra3 52. g5 Ne6 53. Rg4 (53. Rff7 $11 Nc5 54. Rf4) 53... Rf3+ $15 54. Kg1 {[#]} (54. Ke1 $15) 54... Nf4 $1 $19 {[%cal Rf4g6]} 55. Bh5 (55. Rh6 {was called for.}) 55... Ne2+ 56. Kh2 Rf1 (56... Rf2+ $19 57. Kh3 Nf4+ 58. Kh4 Nxh5 59. Kxh5 Bf3) 57. Rg2 {[#]} Bxg2 (57... Nf4 $1 $17 {[%cal Rf4g2]} 58. Rh8+ Kc7) 58. Kxg2 $11 {The position is equal.} Rf5 59. Bxe2 {Threatens to win with Rg7.} Rxg5+ 60. Kf2 Rd5 61. Ke3 Kc7 62. Bd3 {White used his chance. Accuracy: White = 75%, Black = 70%.} 1/2-1/2

[Event "FIDE Chesscom Online Nations Cup"]
[Site "Online"]
[Date "2020.05.06"]
[Round "3"]
[White "Harikrishna, Pentala"]
[Black "Duda, Jan-Krzysztof"]
[Result "1/2-1/2"]
[WhiteElo "2690"]
[BlackElo "2774"]
[Annotator "TA"]
[PlyCount "111"]
[EventDate "2020.05.05"]
[EventType "team-tourn"]
[EventCountry "ISS"]
[SourceTitle "playchess.com"]
[Source "ChessBase"]
[SourceQuality "1"]
[WhiteTeam "India"]
[BlackTeam "Europe"]
[WhiteTeamCountry "IND"]
[BlackTeamCountry "POL"]

{[%evp 10,111,27,0,0,0,26,1,8,17,35,40,52,34,41,53,82,73,78,85,84,88,115,115,123,115,113,148,282,313,302,311,300,301,296,289,257,230,325,321,351,346,365,365,380,379,435,440,1011,402,396,399,375,376,432,191,187,189,180,176,280,245,309,300,296,273,426,440,494,127,127,127,127,127,127,8,8,8,8,8,8,8,8,8,8,8,8,0,0,0,8,8,8,8,8,0,8,0,0,0,0,0,0,0]} 1. d4 Nf6 2. c4 e6 3. g3 d5 4. Bg2 dxc4 5. Nf3 a6 6. Ne5 Bb4+ {E04: Open Catalan: 5 Nf3.} 7. Nc3 Nd5 $1 {[%cal Rd5c3]} 8. Bd2 (8. O-O $5 {[%cal Rc3d5]} Nxc3 9. bxc3 Bxc3 {[%mdl 64] Double Attack} 10. Rb1 $11) 8... b5 9. O-O Bxc3 10. bxc3 Bb7 11. e4 $36 {[%mdl 2048] White has the initiative.} Nf6 12. Bg5 Nbd7 13. Nxd7 Qxd7 14. Bxf6 gxf6 15. Qh5 {[#]} O-O-O $146 ({Predecessor:} 15... Qe7 16. a4 e5 17. axb5 axb5 18. Rxa8+ Bxa8 19. f4 O-O 20. d5 Re8 21. Kh1 exf4 22. gxf4 {1-0 (33) Dimitrijeski,B (2241)-Mascaro March,P (2385) Palma de Mallorca 2013}) 16. Rfb1 $1 Qe7 17. a4 c6 {[#]} 18. d5 $1 {[%mdl 512] Threatens to win with dxc6.} Rhg8 (18... e5 $16 19. Qh6 (19. axb5 cxb5 20. Bh3+ Kc7 $16) 19... Rd6) (18... cxd5 19. axb5) 19. dxc6 $1 $18 ({And not} 19. Qxh7 Rh8 $15) 19... Bxc6 20. axb5 axb5 21. Rxb5 Rg5 22. Rxg5 fxg5 23. Qxh7 e5 (23... Qb7 $142 24. Re1 f6) 24. Qf5+ Kc7 25. Bf1 f6 26. Bxc4 Qc5 27. Bf1 Qxc3 28. Ra7+ Kb6 (28... Kb8 $142 29. Rf7 Qd4 30. Qxf6 Rc8) 29. Ra6+ (29. Qh7 $142 Bd7 30. Rxd7 Rxd7 31. Qxd7) 29... Kb7 30. Qxf6 Rd1 {...Rxf1+ is the strong threat.} 31. Qe7+ Kb8 {With the idea ...Rxf1+.} 32. Rxc6 (32. Qf8+ $142 Kb7 33. Qa8+ Kc7 34. Ra7+ Kb6 35. Qb8+ Kc5 36. Qf8+ Kb6 37. Qb8+ Kc5 38. Qf8+ Kb6 39. Qb8+) 32... Qxc6 33. Qxe5+ {[%mdl 4096] Endgame KQR-KQB} Kb7 {intending ...Qc4.} 34. Kg2 Re1 (34... Rd2 $142 35. Kg1 g4 36. Qe7+ Rd7 37. Qb4+ Qb6) 35. Bd3 ({Weaker is} 35. Qxg5 Qxe4+ 36. Kg1 Qe2 $16) 35... Qc1 36. Qd5+ Kc7 37. e5 Qc6 (37... g4 $142 38. Qd6+ Kb7 39. Qe7+ Ka8 40. Qd8+ Kb7 41. Qe7+ Ka8 42. Qe8+ Kb7 43. Qb5+ Kc7 44. Qa5+ Kb8 45. Qb4+ Kc7 46. Qxg4 Rg1+ 47. Kh3 Qh6+ 48. Qh4 Qe6+ 49. g4 Qxe5) 38. Qxc6+ Kxc6 {KR-KB} 39. Kf3 $2 (39. f4 $18 {is the precise move to win.} gxf4 40. gxf4) 39... Rxe5 $16 {[#]} 40. Kg4 $1 Kd6 {[#]} 41. Bf5 $1 Re2 42. f3 (42. Kxg5 $16 {Hoping for h4.} Rxf2 43. h4) 42... Rf2 {The position is equal.} 43. Be4 Rxh2 44. Kxg5 Rg2 45. Kf4 Ke6 46. g4 Kf6 47. Bf5 Rg1 48. Ke3 Re1+ 49. Kf2 Rh1 (49... Ra1 {keeps more tension.} 50. f4 Ra4 51. Ke3 Ra3+ 52. Bd3 Ke6) 50. f4 $1 Rh3 51. Be4 Ra3 52. Bf3 Ra2+ 53. Kg3 Ra3 54. Kf2 Ra4 55. Kg3 $1 Ra3 56. Kf2 {White really could win this. Accuracy: White = 81%, Black = 65%.} 1/2-1/2

[Event "FIDE Chesscom Online Nations Cup"]
[Site "Online"]
[Date "2020.05.06"]
[Round "3"]
[White "Muzychuk, Anna"]
[Black "Koneru, Humpy"]
[Result "1/2-1/2"]
[WhiteElo "2533"]
[BlackElo "2483"]
[Annotator "TA"]
[PlyCount "97"]
[EventDate "2020.05.05"]
[EventType "team-tourn"]
[EventCountry "ISS"]
[SourceTitle "playchess.com"]
[Source "ChessBase"]
[SourceQuality "1"]
[WhiteTeam "Europe"]
[BlackTeam "India"]
[WhiteTeamCountry "UKR"]
[BlackTeamCountry "IND"]

{[%evp 23,97,6,17,18,25,8,58,61,82,79,65,62,59,14,47,43,43,43,43,41,37,37,35,37,82,79,80,80,86,58,58,58,146,139,108,108,104,93,101,79,185,186,179,161,220,200,201,0,0,0,0,0,0,0,0,0,0,0,0,0,0,0,0,0,0,0,0,0,0,0,0,0,0,0,0,0]} 1. e4 e5 2. Nf3 Nc6 3. Bb5 a6 4. Ba4 Nf6 5. O-O Nxe4 6. d4 b5 7. Bb3 d5 8. dxe5 Be6 9. Nbd2 Be7 10. c3 O-O 11. Bc2 f5 12. exf6 Nxf6 13. Re1 {C83: Open Ruy Lopez: 9 c3 Be7.} Qd7 14. a4 Bf5 (14... b4 {looks sharper.} 15. Nf1 bxc3 16. bxc3 Rae8 17. Bg5 Bc5) 15. Bxf5 {White is slightly better.} Qxf5 16. axb5 axb5 17. Rxa8 $1 Rxa8 {[#]} 18. Nb3 $146 ({Predecessor:} 18. Nf1 Qd7 19. Bg5 Rd8 20. Ng3 h6 21. Bxf6 Bxf6 22. Nh5 Qf5 23. Nxf6+ Qxf6 24. Qb3 {½-½ (68) Nepomniachtchi,I (2773)-Wei,Y (2736) Moscow 2019}) 18... Bd6 19. Nbd4 Nxd4 20. Nxd4 Qd7 21. Bg5 Ne4 22. Bh4 Bc5 23. f3 Nd6 24. Re7 Qc6 {[#] White must now prevent ...Nf5.} 25. Bf2 Bxd4 26. Bxd4 ({But not} 26. Qxd4 $2 Nf5 $19) 26... Nf5 27. Re5 Qd7 (27... Nxd4 $14 28. Qxd4 Ra1+ 29. Kf2 Rb1) 28. Bc5 $16 c6 29. g4 $36 {[%mdl 2048] White is on the roll.} Nh4 30. Re7 Qd8 {Black wants to play ...Qf8.} 31. Qe2 Ng6 (31... Qf8 $16) 32. Qe6+ $18 Kh8 33. Rf7 {[#] And now Bd4! would win.} Qe8 (33... Ra1+ $142 34. Kg2 Qg8) 34. Qxe8+ Rxe8 {[%mdl 4096] Endgame KRB-KRN} 35. Kf2 $2 (35. Bd4 $18 Re7 36. Bxg7+ Kg8 37. Rxe7 Nxe7 38. Bd4) 35... Ne5 $11 {The position is equal.} 36. Re7 Rxe7 37. Bxe7 {KB-KN} Nd3+ 38. Ke3 Nxb2 39. Kd4 Kg8 40. Kc5 Na4+ 41. Kxc6 {Bb4 is the strong threat.} Nxc3 {Strongly threatening ...d4.} 42. Bb4 d4 {aiming for ...Nb1.} 43. Kc5 Ne2 44. Kxb5 Ng1 45. f4 Nf3 {Hoping for ...d3.} 46. Kc4 Nxh2 47. g5 Kf7 48. Kxd4 h6 49. gxh6 {Accuracy: White = 96%, Black = 69%.} 1/2-1/2

[Event "FIDE Chesscom Online Nations Cup"]
[Site "Online"]
[Date "2020.05.06"]
[Round "3"]
[White "Goryachkina, Aleksandra"]
[Black "Ju, Wenjun"]
[Result "1/2-1/2"]
[WhiteElo "2502"]
[BlackElo "2610"]
[Annotator "TA"]
[PlyCount "67"]
[EventDate "2020.05.05"]
[EventType "team-tourn"]
[EventCountry "ISS"]
[SourceTitle "playchess.com"]
[Source "ChessBase"]
[SourceQuality "1"]
[WhiteTeam "Russia"]
[BlackTeam "China"]
[WhiteTeamCountry "RUS"]
[BlackTeamCountry "CHN"]

{[%evp 12,67,25,12,12,0,0,6,2,6,0,0,12,9,9,15,38,31,27,31,33,29,38,38,54,41,59,21,21,17,26,25,33,20,21,8,8,7,22,3,3,3,4,8,9,3,3,3,3,3,3,3,3,0,3,0,3,0]} 1. Nf3 d5 2. d4 Nf6 3. c4 e6 4. Nc3 Be7 5. Bf4 O-O 6. e3 Nbd7 7. Be2 $1 {[%mdl 4] is now more promising than 7.c5. Played by Hikaru Nakamura in February 2020.} dxc4 {D37: Queen's Gambit Declined: 5 Bf4.} 8. Bxc4 a6 9. a4 c5 10. O-O cxd4 11. Qxd4 Nb6 {[#] Hoping for ...Qxd4.} 12. Bb3 $36 {[%mdl 2048] White has good play.} Qxd4 13. Nxd4 {[#]} Nbd5 $146 ({Predecessor:} 13... Bd7 14. a5 Nbd5 15. Nxd5 Nxd5 16. Bxd5 exd5 17. Rfc1 Rac8 18. Bc7 Bf6 19. Bd6 Rxc1+ 20. Rxc1 {½-½ (32) Georgiev,K (2671)-Berkes,F (2682) Skopje 2012}) 14. Nxd5 Nxd5 15. Bxd5 exd5 16. Rfc1 Bf6 17. Rc7 Re8 18. a5 Re7 19. Rc5 Be6 20. Rac1 Bxd4 21. exd4 Rd8 22. Rc7 Kf8 {The position is equal.} 23. Bg5 f6 24. Bd2 {[#] Black must now prevent Bb4.} Kf7 25. Bb4 Rxc7 26. Rxc7+ $11 {[%mdl 4096] Endgame KRB-KRB} Rd7 27. Rc8 g5 28. f3 h5 29. Kf2 Bf5 30. Rf8+ Kg6 31. Rg8+ Kf7 32. Rf8+ Kg6 33. Rg8+ Kf7 34. Rf8+ {Accuracy: White = 95%, Black = 100%.} 1/2-1/2

[Event "FIDE Chesscom Online Nations Cup"]
[Site "Online"]
[Date "2020.05.06"]
[Round "3"]
[White "Saduakassova, Dinara"]
[Black "Krush, Irina"]
[Result "0-1"]
[WhiteElo "2412"]
[BlackElo "2392"]
[Annotator "TA"]
[PlyCount "88"]
[EventDate "2020.05.05"]
[EventType "team-tourn"]
[EventCountry "ISS"]
[SourceTitle "playchess.com"]
[Source "ChessBase"]
[SourceQuality "1"]
[WhiteTeam "World"]
[BlackTeam "United States"]
[BlackTeamCountry "USA"]

{[%evp 20,88,22,0,8,0,0,0,0,-41,-35,-118,-120,-114,-116,-147,-154,-154,-146,-147,-141,-153,-119,-143,-130,-126,-127,-128,-85,-140,-126,-123,-125,-165,-148,-171,-112,-264,-275,-352,-358,-351,-358,-391,-351,-352,-294,-320,-280,-333,-330,-327,-290,-537,-281,-237,-208,-210,-114,-355,-318,-572,-506,-568,-555,-1741,-1481,-29983,-29984,-29982,-5900]} 1. e4 c5 2. Nf3 d6 3. d4 cxd4 4. Nxd4 Nf6 5. Nc3 Bd7 6. Bg5 e6 7. Qd2 a6 8. O-O-O h6 9. Bxf6 Qxf6 10. f4 Nc6 11. Nb3 {White wants to play e5!} Qd8 {B67: Sicilian: Richter-Rauzer: 7...a6 8 0-0-0 Bd7, lines without 9 f4 Be7.} 12. Kb1 Be7 13. g4 g5 {[#] The position is equal.} 14. e5 $146 ({Predecessor:} 14. f5 Ne5 15. Be2 Qb6 16. Rhf1 O-O-O 17. Qe1 Kb8 18. Qg3 Rc8 19. Rd4 Rc7 20. Nd1 Rhc8 21. Ne3 Ka8 22. Rfd1 Rc6 23. c4 Be8 24. R4d2 Bf6 25. Nd4 Nd3 26. Rxd3 {1-0 (26) Rijnaarts,S (2321)-Schiffer,K (2248) Germany 2012}) 14... dxe5 15. fxe5 (15. fxg5 $15 hxg5 16. Ne4) 15... Nxe5 $17 16. Qd4 Qc7 17. Bg2 O-O-O 18. Qa7 {next Qa8+ is good for White.} Bc6 19. Bxc6 Nxc6 20. Qf2 Bd6 21. Rdf1 Rd7 22. Ne4 Bf4 23. Nf6 Re7 24. Nh5 (24. Nd2 $142) 24... Be5 25. Nf6 Rd8 26. Qe3 Kb8 27. a3 Bf4 (27... Na5 $19 {aiming for ...Nc4.} 28. Nxa5 Qxa5) 28. Qh3 $2 {[#]} (28. Qe2 $17) 28... Ne5 $19 29. Nh5 Nc4 30. Nxf4 gxf4 31. Qxh6 e5 32. Rd1 Red7 33. Rxd7 Rxd7 ({Much less strong is} 33... Qxd7 34. h3 $19) 34. Qf8+ Rd8 35. Qb4 Rc8 36. Rc1 $2 (36. h4 Ne3 37. h5) 36... f3 37. Nd2 Nxd2+ 38. Qxd2 {[%mdl 4096] Endgame KQR-KQR} e4 39. Re1 $2 (39. Qe3 $17 Re8 40. Rh1) 39... Re8 40. Qf2 $2 (40. Qe3) 40... Qf4 {[#] Strongly threatening ...e3.} 41. Qd4 Qxg4 42. Qf2 Qg2 43. Qb6 f2 44. Qd6+ Ka8 {Accuracy: White = 37%, Black = 80%.} 0-1

[Event "FIDE Chesscom Online Nations Cup"]
[Site "Online"]
[Date "2020.05.06"]
[Round "4"]
[White "Vachier-Lagrave, Maxime"]
[Black "Nakamura, Hikaru"]
[Result "1/2-1/2"]
[WhiteElo "2860"]
[BlackElo "2829"]
[Annotator "TA"]
[PlyCount "61"]
[EventDate "2020.05.05"]
[EventType "team-tourn"]
[SourceTitle "playchess.com"]
[Source "ChessBase"]
[SourceQuality "1"]
[WhiteTeam "Europe"]
[BlackTeam "United States"]
[WhiteTeamCountry "FRA"]
[BlackTeamCountry "USA"]

{[%evp 12,61,13,14,13,13,14,7,15,12,19,8,23,22,23,28,19,23,52,50,50,55,48,48,55,54,61,16,27,11,4,10,16,28,15,-10,0,0,0,-26,0,0,0,0,0,0,0,0,0,0,0,0]} 1. d4 Nf6 2. c4 e6 3. Nf3 d5 4. Nc3 Be7 5. Bf4 O-O 6. e3 Nbd7 7. Be2 $1 {[%mdl 4] is recently more successful than 7.c5. Played by Hikaru Nakamura in February 2020.} dxc4 {D37: Queen's Gambit Declined: 5 Bf4.} 8. O-O c5 9. dxc5 Bxc5 10. Bxc4 a6 11. Ng5 {[#]} h6 $146 ({Predecessor:} 11... b5 12. Bxe6 fxe6 13. Nxe6 Qe8 14. Nxf8 Bxf8 15. Bd6 Bb7 16. Bxf8 Nxf8 17. a4 b4 {½-½ (36) Wojtaszek,R (2725)-Andreikin,D (2724) Jerusalem 2019}) 12. Nge4 Be7 13. a4 Nxe4 14. Nxe4 Nf6 15. Qf3 Bd7 16. Nxf6+ Bxf6 17. Qxb7 Qc8 18. Qb3 $1 Ra7 19. Qa2 Bxb2 20. Rab1 Bf6 $1 21. Rfc1 Qa8 22. a5 Rc8 23. Bf1 {[#] And now Rxc8+ would win.} Rxc1 24. Rxc1 Bb5 25. Rb1 (25. Bc7 {seems wilder.} Bd8 26. Bb6 Rb7 27. Bxb5 axb5 28. Bxd8 Qxd8 29. a6) 25... Bd8 (25... e5 {is interesting.} 26. Bg3 Bxf1 27. Rxf1 Rb7 28. Rc1 Rb5) 26. Bxb5 {The position is equal.} axb5 27. Rxb5 Rxa5 28. Qxa5 Qxa5 (28... Bxa5 $5 29. Rb8+ $8 {[#]} Qxb8 $1 {[%mdl 512]} 30. Bxb8 Bb4 $11) 29. Rxa5 Bxa5 30. g4 Bd8 31. h3 {Accuracy: White = 84%, Black = 88%.} 1/2-1/2